000 01571nam a2200373 i 4500
001 57382
003 CO-BoRNBP
005 20250624171942.0
007 ta
008 141031s2010 ck a br 000 j spa d
020 _a9789583003288
040 _aCO-BoRNBP
_bspa
_erda
_cCO-BoRNBP
041 1 _aspa
_heng
043 _ae-uk-en
084 _aC KIP1
100 1 _aKipling, Rudyard,
_d1865-1936,
_eautor
245 1 0 _aCómo el leopardo obtuvo sus manchas y otros cuentos de animales
_cRudyard Kipling ; traducción Catalina Calderón Barragán ; ilustrado por Henry González y Nancy Granada
250 _aPrimera edición
264 1 _aBogotá, Colombia
_bPanamericana Editorial
_c2010
300 _a165 páginas
_bilustraciones a color
_c15 cm
336 _atexto
_btxt
_2rdacontenido
337 _asin mediación
_bn
_2rdamedio
338 _avolumen
_bnc
_2rdasoporte
505 1 _tCómo a la ballena le salieron sus barbas --
_tCómo al dromedario le salió su joroba --
_tCómo al rinoceronte de le arrugó la piel --
_tEl bebé elefante --
_tEl origen de los armadillos.
521 1 _aRecomendado para un público infantil mayor de 8 años.
650 0 7 _aConductos en la literatura
_2LEMB
_960510
650 0 7 _aCuentos infantiles ingleses
_ySiglo XIX
_2LEMB
_960511
650 0 7 _aLiteratura infantil inglesa
_ySiglo XIX
_2LEMB
_960512
650 0 4 _aAutores ingleses
_zIndia
_2LEMB
_960513
700 1 _aCalderón, Catalina
_etraductora
_960514
700 1 _aGonzález, Henry
_eilustrador
_960517
700 1 _aGranada, Nancy
_eilustradora
_960520
942 _2loc
_cBKLITI
999 _c57382
_d57382